000 00524nam a22001697a 4500
999 _c62235
_d62235
005 20240829122230.0
008 240827c2001 enk||||| |||| 00| 0 eng d
022 _a0031 8221
041 _aeng
245 _aPhilosophy East and West :
_cEditor R. T. Ames.
_b2001. A Quarterly of Comparative Philosophy /
260 _aHong Kong,
_c2001.
300 _aV.
653 _aფილოსოფია
653 _aპერიოდიკა
700 _aAmes, R. T.
_eრედაქტორი
_923133
942 _2udc
_cCR